[Event "Sautron op 13th"]
[Site "Sautron"]
[Date "2013.11.01"]
[Round "8"]
[White "Peric, Slavisa"]
[Black "Normand, Vincent"]
[Result "1-0"]
[WhiteElo "2199"]
[BlackElo "2076"]
[PlyCount "121"]
[EventDate "2013.10.26"]
[EventType "swiss"]
[EventRounds "9"]
[EventCountry "FRA"]
[SourceTitle "EXT 2016"]
[Source "ChessBase"]
[SourceDate "2015.10.08"]
[SourceVersion "1"]
[SourceVersionDate "2015.10.08"]
[SourceQuality "1"]

1. d4 d5 2. Nf3 Nc6 3. Bf4 Bg4 4. Nbd2 e6 5. c3 Bd6 6. Bg3 Nf6 7. Qb3 Bxg3 8. hxg3 Qd7 9. e3 0-0 10. Bd3 Bf5 11. Bxf5 exf5 12. 0-0 Ne4 13. Rfc1 a6 14. Qc2 Ne7 15. c4 Nxd2 16. Qxd2 c6 17. c5 f6 18. b4 g5 19. a4 Kg7 20. Rcb1 Ng6 21. Rb3 Rf7 22. Rab1 Nf8 23. b5 axb5 24. axb5 Ne6 25. bxc6 bxc6 26. Ne1 Nd8 27. Rb8 Qa7 28. R8b6 Qd7 29. Nd3 h5 30. Qb2 Kf8 31. Rb8 Qa7 32. Qb6 Rxb8 33. Qxb8 Ke8 34. Qb3 Rb7 35. Qd1 Rxb1 36. Qxb1 Qb7 37. Qd1 Qf7 38. Nb4 g4 39. Qa4 Qd7 40. Qa8 Ke7 41. Qb8 Kf7 42. Nd3 Kg7 43. Nf4 Kh6 44. Kh2 Qe7 45. Qc8 Qe8 46. Qxf5 Qf7 47. f3 gxf3 48. gxf3 Nb7 49. Qe6 Qxe6 50. Nxe6 Kg6 51. e4 dxe4 52. fxe4 Kf7 53. d5 Na5 54. Nd8+ Ke7 55. Nxc6+ Nxc6 56. dxc6 Kd8 57. Kh3 Kc7 58. Kh4 Kxc6 59. Kxh5 Kxc5 60. Kg6 Kd4 61. Kxf6 1-0

[Event "Figueres op 10th"]
[Site "Figueres"]
[Date "2009.08.02"]
[Round "3"]
[White "Gonzalez Rodriguez, Jorge Armando"]
[Black "Normand, Vincent"]
[Result "1-0"]
[WhiteElo "2429"]
[BlackElo "2075"]
[PlyCount "81"]
[EventDate "2009.08.01"]
[EventType "swiss"]
[EventRounds "9"]
[EventCountry "ESP"]
[SourceTitle "EXT 2010"]
[Source "ChessBase"]
[SourceDate "2010.11.25"]
[SourceVersion "1"]
[SourceVersionDate "2010.11.25"]
[SourceQuality "1"]

1. b3 e5 2. Bb2 Nc6 3. e3 Nf6 4. Bb5 Bd6 5. Bxc6 dxc6 6. d3 Qe7 7. e4 a5 8. a4 0-0 9. Ne2 Ne8 10. Nd2 b5 11. 0-0 g5 12. Ng3 Ng7 13. Re1 f6 14. Ndf1 Qf7 15. Ne3 Qg6 16. Bc3 b4 17. Bd2 Kf7 18. c3 c5 19. cxb4 axb4 20. Rc1 Be6 21. Nc4 h5 22. Be3 Bxc4 23. Rxc4 Ra5 24. Nf5 Ne6 25. Qe2 Ke8 26. Rec1 Kd7 27. f3 g4 28. fxg4 Qxg4 29. Qxg4 hxg4 30. Nh6 Nf4 31. Bxf4 exf4 32. Nxg4 f5 33. Nf2 Ke6 34. Kf1 Rg8 35. exf5+ Kxf5 36. Ne4 f3 37. g3 Rd8 38. Kf2 Bf8 39. Rd1 Rd5 40. Kxf3 Rd8 41. g4+ 1-0

[Event "Figueres op 10th"]
[Site "Figueres"]
[Date "2009.08.01"]
[Round "1"]
[White "Cano Egea, Gerard"]
[Black "Normand, Vincent"]
[Result "0-1"]
[WhiteElo "1624"]
[BlackElo "2075"]
[PlyCount "90"]
[EventDate "2009.08.01"]
[EventType "swiss"]
[EventRounds "9"]
[EventCountry "ESP"]
[SourceTitle "EXT 2010"]
[Source "ChessBase"]
[SourceDate "2010.11.25"]
[SourceVersion "1"]
[SourceVersionDate "2010.11.25"]
[SourceQuality "1"]

1. e4 d5 2. exd5 Nf6 3. Bc4 Nxd5 4. d3 Nb6 5. Bb3 Nc6 6. Be3 Nd4 7. Nf3 Nxb3 8. axb3 c6 9. Nbd2 Bf5 10. 0-0 e6 11. Re1 Be7 12. Nf1 0-0 13. Ng3 Bg6 14. Ne5 Bd6 15. Bxb6 axb6 16. Rxa8 Qxa8 17. Nd7 Rd8 18. Nxb6 Qa7 19. Nc4 Bc5 20. Qf3 Ra8 21. h3 Bd4 22. c3 Bf6 23. Ne4 Be7 24. Qe3 Qb8 25. d4 Qa7 26. Ng5 Bf6 27. h4 Qa2 28. Nb6 Rd8 29. b4 Qa6 30. d5 cxd5 31. Qc5 h6 32. Nf3 Bh5 33. Ne5 Bxe5 34. Rxe5 Bg6 35. Qc7 Rf8 36. Nd7 Re8 37. Nc5 Qa1+ 38. Kh2 Qxb2 39. Nxb7 Qxf2 40. b5 Be4 41. Rxe4 dxe4 42. Nd6 e3 43. b6 Qxh4+ 44. Kg1 Qf2+ 45. Kh2 e2 0-1

[Event "Chateauroux op"]
[Site "Chateauroux"]
[Date "2005.11.13"]
[Round "6"]
[White "Normand, Vincent"]
[Black "Allorant, Adrien"]
[Result "1/2-1/2"]
[WhiteElo "2137"]
[BlackElo "1839"]
[PlyCount "46"]
[EventDate "2005.10.30"]
[EventType "swiss"]
[EventRounds "7"]
[EventCountry "FRA"]
[SourceTitle "EXT 2007"]
[Source "ChessBase"]
[SourceDate "2006.11.23"]
[SourceVersion "1"]
[SourceVersionDate "2006.11.23"]
[SourceQuality "1"]

1. e4 d6 2. d4 Nf6 3. Nc3 g6 4. Be3 c6 5. Qd2 Nbd7 6. Nf3 b5 7. Bd3 Bg7 8. Bh6 0-0 9. h4 e5 10. dxe5 Nxe5 11. Nxe5 dxe5 12. a4 b4 13. Ne2 a5 14. Bxg7 Kxg7 15. f3 h5 16. Qg5 Nd7 17. Qg3 Qe7 18. f4 exf4 19. Nxf4 Qe5 20. 0-0 Nf6 21. Rae1 Bg4 22. Rf2 Rae8 23. b3 Qd4 1/2-1/2

[Event "Chateauroux op"]
[Site "Chateauroux"]
[Date "2005.11.12"]
[Round "3"]
[White "Hardy, Emmanuel"]
[Black "Normand, Vincent"]
[Result "0-1"]
[WhiteElo "1830"]
[BlackElo "2137"]
[PlyCount "68"]
[EventDate "2005.10.30"]
[EventType "swiss"]
[EventRounds "7"]
[EventCountry "FRA"]
[SourceTitle "EXT 2007"]
[Source "ChessBase"]
[SourceDate "2006.11.23"]
[SourceVersion "1"]
[SourceVersionDate "2006.11.23"]
[SourceQuality "1"]

1. e4 d5 2. exd5 Nf6 3. d4 Bg4 4. Be2 Bxe2 5. Qxe2 Qxd5 6. Nf3 Nc6 7. Nc3 Qf5 8. 0-0 0-0-0 9. Be3 e6 10. Rad1 Qh5 11. Bf4 Bd6 12. Bxd6 Rxd6 13. Ne4 Nxe4 14. Qxe4 Rhd8 15. Rd3 g5 16. Qe3 g4 17. Qg5 Rd5 18. Qxh5 Rxh5 19. Ne5 Nxe5 20. dxe5 Rxd3 21. cxd3 Rxe5 22. f3 gxf3 23. Rxf3 Rf5 24. Rxf5 exf5 25. Kf2 Kd7 26. Kf3 Ke6 27. Kf4 h6 28. d4 c6 29. g3 b6 30. h3 a5 31. h4 a4 32. Ke3 Kd5 33. Kd3 b5 34. a3 h5 0-1

[Event "Chateauroux op"]
[Site "Chateauroux"]
[Date "2005.11.11"]
[Round "1"]
[White "Richard Foussier, Benoit"]
[Black "Normand, Vincent"]
[Result "0-1"]
[WhiteElo "1700"]
[BlackElo "2137"]
[PlyCount "76"]
[EventDate "2005.10.30"]
[EventType "swiss"]
[EventRounds "7"]
[EventCountry "FRA"]
[SourceTitle "EXT 2007"]
[Source "ChessBase"]
[SourceDate "2006.11.23"]
[SourceVersion "1"]
[SourceVersionDate "2006.11.23"]
[SourceQuality "1"]

1. d4 Nf6 2. c4 e5 3. dxe5 Ne4 4. Nf3 Bb4+ 5. Bd2 Nxd2 6. Nbxd2 Nc6 7. a3 Bf8 8. e3 Qe7 9. Qc2 g6 10. Be2 Bg7 11. 0-0 0-0 12. Rab1 Nxe5 13. Nxe5 Qxe5 14. Nf3 Qe7 15. Rfe1 d6 16. e4 b6 17. b4 a5 18. b5 Bb7 19. Bd3 Rae8 20. Re2 g5 21. g3 h6 22. Rbe1 Qd7 23. Kg2 f5 24. Ng1 f4 25. Qb3 Kh8 26. Rc2 g4 27. Rcc1 Bd4 28. Rf1 f3+ 29. Kh1 Bxe4 30. Bxe4 Rxe4 31. Qd3 Qe6 32. a4 Rf5 33. Rfe1 Rfe5 34. Rxe4 Rxe4 35. Qd2 Bg7 36. Qd5 Qxd5 37. cxd5 Rxa4 38. Rxc7 Bd4 0-1

[Event "Provence-chB"]
[Site "Provence"]
[Date "1991.??.??"]
[Round "9"]
[White "Normand, Vincent"]
[Black "Herbomez, A."]
[Result "1-0"]
[WhiteElo "1830"]
[BlackElo "1780"]
[PlyCount "55"]
[EventDate "1991.??.??"]
[EventType "swiss"]
[EventRounds "9"]
[EventCountry "FRA"]
[SourceTitle "EXT 2005"]
[Source "ChessBase"]
[SourceDate "2004.11.15"]
[SourceVersion "1"]
[SourceVersionDate "2004.11.15"]
[SourceQuality "1"]

1. e4 e5 2. Nf3 Nc6 3. c3 Nf6 4. d4 d5 5. exd5 Qxd5 6. Qa4 Bd7 7. Bb5 Bd6 8. 0-0 e4 9. c4 Qh5 10. c5 exf3 11. cxd6 Qg4 12. Re1+ Kf8 13. Bf1 Nxd4 14. Qd1 Bb5 15. h3 Qg6 16. Qxd4 Bxf1 17. g3 Bxh3 18. dxc7 Bd7 19. Qb4+ Kg8 20. Qxb7 Rc8 21. Bf4 h5 22. Nc3 h4 23. Nd5 Nxd5 24. Qxd5 hxg3 25. Qxd7 gxf2+ 26. Kxf2 Qg2+ 27. Ke3 Rf8 28. c8Q 1-0